[Event "Mecklenburg VP LL2 West 1415"]
[Site "Mecklenburg VP"]
[Date "2015.01.18"]
[Round "5.8"]
[White "Luetzow, Siegfried"]
[Black "Grossmann, Henry"]
[Result "0-1"]
[WhiteElo "1593"]
[BlackElo "1460"]
[PlyCount "128"]
[EventDate "2014.09.21"]
[EventType "team-tourn"]
[EventRounds "9"]
[EventCountry "GER"]
[SourceTitle "EXT 2022"]
[Source "ChessBase"]
[SourceDate "2021.10.06"]
[SourceVersion "1"]
[SourceVersionDate "2021.10.06"]
[SourceQuality "1"]
[WhiteTeam "Neukloster VfL Blau Weiss"]
[BlackTeam "Kuehlungsborn SV Empor"]
[WhiteTeamCountry "GER"]
[BlackTeamCountry "GER"]

1. f4 d5 2. b3 Nf6 3. Nf3 e6 4. Bb2 Be7 5. e3 b6 6. Be5 Ba6 7. Bxa6 Nxa6 8. 0-0 0-0 9. Qe2 Nc5 10. Nc3 a6 11. Nd4 Qd7 12. f5 Nb7 13. Bxf6 Bxf6 14. Qg4 e5 15. Nf3 e4 16. Ng5 c5 17. Rad1 Rad8 18. Ncxe4 dxe4 19. Nxe4 Qe7 20. Rf3 Nd6 21. Nxf6+ Qxf6 22. d3 Rfe8 23. Rdf1 Re5 24. e4 Nb5 25. Rh3 Nd4 26. Rf2 b5 27. Qh5 h6 28. c3 Nc6 29. Rff3 Qg5 30. Qxg5 hxg5 31. Rh5 f6 32. h4 gxh4 33. Rxh4 b4 34. c4 Re7 35. Rfh3 Kf7 36. Kf2 a5 37. Rh8 Ree8 38. R8h7 Ne5 39. Ke2 Ra8 40. Ke3 Nc6 41. g4 a4 42. Kf4 axb3 43. axb3 Ra3 44. g5 fxg5+ 45. Kxg5 Rxb3 46. f6 Re5+ 47. Kg4 Kxf6 48. Rf3+ Kg6 49. Rfh3 Rb1 50. Kf4 b3 51. Rh1 Rxh1 52. Rxh1 Kf6 53. Ra1 Nd4 54. Ra6+ Ne6+ 55. Ke3 Kg5 56. Ra7 g6 57. Kd2 Nd4 58. Rd7 Kf4 59. Rf7+ Kg4 60. Rf1 g5 61. Ke3 Re7 62. Rg1+ Kh5 63. Rh1+ Kg6 64. Ra1 Nc2+ 0-1

[Event "Mecklenburg VP LL2 West 1213"]
[Site "Mecklenburg VP"]
[Date "2013.01.13"]
[Round "5.8"]
[White "Hung, Doan Manh"]
[Black "Grossmann, Henry"]
[Result "0-1"]
[WhiteElo "1057"]
[BlackElo "1432"]
[PlyCount "37"]
[EventDate "2012.10.14"]
[EventType "team-tourn"]
[EventRounds "9"]
[EventCountry "GER"]
[SourceTitle "EXT 2022"]
[Source "ChessBase"]
[SourceDate "2021.10.06"]
[SourceVersion "1"]
[SourceVersionDate "2021.10.06"]
[SourceQuality "1"]
[WhiteTeam "Wismar ASV Gruen-Weiss II"]
[BlackTeam "Kuehlungsborn SV Empor"]
[WhiteTeamCountry "GER"]
[BlackTeamCountry "GER"]

1. e4 e6 2. d4 d5 3. exd5 exd5 4. Bd3 Bd6 5. Nf3 Ne7 6. 0-0 0-0 7. Ng5 Bf5 8. Nc3 c6 9. Qf3 Bg6 10. Qh3 h6 11. Bxg6 Nxg6 12. Ne6 fxe6 13. Qxe6+ Kh7 14. a3 Qf6 15. Qe2 Qxd4 16. Be3 Qf6 17. h4 d4 18. Ne4 Qe5 19. Bd2 0-1